The human deterrent (Record no. 71456)

MARC details
000 -LEADER
fixed length control field 01106cam a2200241 4500
001 - CONTROL NUMBER
control field ABS66108
008 - FIXED-LENGTH DATA ELEMENTS--GENERAL INFORMATION
fixed length control field 021028n2002 000 0 eng u
035 ## - SYSTEM CONTROL NUMBER
System control number (Sirsi) u120272
100 ## - MAIN ENTRY--PERSONAL NAME
Personal name Connolly, P
245 #4 - TITLE STATEMENT
Title The human deterrent
260 ## - PUBLICATION, DISTRIBUTION, ETC.
Date of publication, distribution, etc. 2002
490 ## - SERIES STATEMENT
Series statement Regeneration and Renewal
Volume/sequential designation 4 October 2002, 16-17(2)
520 ## - SUMMARY, ETC.
Summary, etc. Discusses crime prevention tools in town centres and argues that CCTV cameras are less effective than originally thought. Suggests that designing town centres that enable the self-policing effect of the public is the answer to improving community safety. Highlights a number of design measures to achieve crime reduction such as terraced housing, wide pavements, open pedestrian space and street lighting. In contrast, transport interchanges and cash machines next to bus stops and fast food outlets are thought to attract criminals.
590 ## - LOCAL NOTE (RLIN)
Local note ABS
650 ## - SUBJECT ADDED ENTRY--TOPICAL TERM
Topical term or geographic name entry element CRIME PREVENTION
650 ## - SUBJECT ADDED ENTRY--TOPICAL TERM
Topical term or geographic name entry element CCTV
650 ## - SUBJECT ADDED ENTRY--TOPICAL TERM
Topical term or geographic name entry element URBAN DESIGN
650 ## - SUBJECT ADDED ENTRY--TOPICAL TERM
Topical term or geographic name entry element TOWN CENTRES
650 ## - SUBJECT ADDED ENTRY--TOPICAL TERM
Topical term or geographic name entry element PEDESTRIANS
650 ## - SUBJECT ADDED ENTRY--TOPICAL TERM
Topical term or geographic name entry element STREET LIGHTING
690 ## - LOCAL SUBJECT ADDED ENTRY--TOPICAL TERM (OCLC, RLIN)
Topical term or geographic name as entry element REGENERATION
942 ## - ADDED ENTRY ELEMENTS (KOHA)
Suppress in OPAC 0
Holdings
Withdrawn status Lost status Source of classification or shelving scheme Damaged status Not for loan Home library Current library Shelving location Date acquired Total Checkouts Full call number Barcode Date last seen Copy number Price effective from Koha item type
    Dewey Decimal Classification     London London Journal article 28/10/2002   ABS66108 120272-1001 06/08/2019 1 06/08/2019 Journal article